| 000 | 01172nam a22002897a 4500 | ||
|---|---|---|---|
| 008 | 081119t xxu||||| |||| 00| 0 eng d | ||
| 010 | _aENG-91678 | ||
| 020 |
_a9788184550900 _c550.00 |
||
| 035 | _aEN-75211 | ||
| 037 | _bDBAD / PUB | ||
| 040 |
_adpl _bEnglish |
||
| 082 | _a954.0841 | ||
| 100 | _aShukla, S.K. | ||
| 245 |
_aGandhian Satyagraha and his champaran movement / _cby S.K. Shukla |
||
| 260 |
_aNew Delhi _bOmega Publications _c2008 |
||
| 270 |
_a4398/5, Ansari Road, Daryaganj, _bNew Delhi _e110002 |
||
| 300 |
_a206p. _c22cm (Hb) |
||
| 500 | _aIncludes bibliographical references and index | ||
| 600 | _aGandhi, Mahatma, 1869-1948 | ||
| 650 |
_aPassive resistance. _zIndia _zChamparan |
||
| 650 |
_aPeasantry _zIndia _zChamparan _xPolitical activity. |
||
| 650 |
_aIndigo industry _zIndia _zChamparan |
||
| 650 |
_aPeasant uprisings _zIndia _zChamparan |
||
| 651 |
_aChamparan (India) _xPolitics and government |
||
| 942 |
_2ddc _cEN _mSHU _h954.0841 |
||
| 999 |
_c18727 _d18727 |
||